000 00357 a2200133 4500
999 _c106
_d106
003 NUST
005 20180116162423.0
008 180116b xxu||||| |||| 00| 0 eng d
020 _a978-969-8535-21-6
040 _cNUST
082 _a006.3
100 _aDr. Tughral Yamin
_98454
245 _aCyberspace CBMs between Pakistan and India
_cDr. Tughral Yamin
260 _aIslamabad
_bNUST Publishing
_c2014
300 _a275p
942 _aSNS
_cBK
_k006.3 TUG
_2ddc